| 000 | 00879cam a22002897a 4500 | ||
|---|---|---|---|
| 003 | CHAP | ||
| 005 | 20220329135940.0 | ||
| 008 | 971013s1959 r 00010 d | ||
| 010 | _a44544 | ||
| 011 | _a45516 | ||
| 035 | _a49655 | ||
| 040 | _cCHAP | ||
| 082 |
_a136.48 _bT4 |
||
| 100 | 0 | 0 |
_aTeilhard de Chardin, Pierre. _9112001 |
| 245 | 1 | 4 | _aThe future of man |
| 260 |
_aNew York : _bFontana Books, _c1959 |
||
| 300 | _a332 p. | ||
| 590 |
_aBATCH-UPD _b10 _c20130110 _lUCH01 _h0232 |
||
| 590 |
_aBATCH-UPD _b10 _c20130110 _lUCH01 _h1747 |
||
| 590 |
_aBATCH-UPD _b10 _c20130410 _lUCH01 _h1125 |
||
| 590 |
_aCONVERSION _b10 _c20130109 _lUCH01 _h1324 |
||
| 650 | 1 | 4 |
_aAntropologia filosofica. _96143 |
| 650 | 1 | 4 |
_aHombre _xInfluencia del medio ambiente. _956040 |
| 901 | _aBK | ||
| 942 | _cLIBRO | ||
| 949 |
_a136.48 T4 _bBC _cLIBRO _d33724000273918 _eLIBRO _h38800 _i49655 _mD. Hdz. X. _si |
||
| 999 |
_c44544 _d44544 |
||